Turecké transnacionálne náboženské organizácie a ich financovanie v ére AKP

Turecké transnacionálne náboženské organizácie. Milli Görüş. Diyanet – Riaditeľstvo pre náboženské záležitosti. Spôsoby financovania náboženských organizácií. Vnútorné prepojenie týchto organizácií a s ním súvisiaca úloha vo vzťahu k diaspóre a hosťujúcim krajinám v ére tzv. nového Turecka.

Gespeichert in:
Bibliographische Detailangaben
1. Verfasser: Tomečková, Lenka, 1993-
Format: Buchkapitel
Sprache:Slowakisch
Schlagworte:
Tags: Tag hinzufügen
Keine Tags, Fügen Sie das erste Tag hinzu!

MARC

LEADER 00000naa$a2200000$$$4500
001 0271118
005 20240502074246.9
041 0 |a slo 
044 |a SK 
245 1 0 |a Turecké transnacionálne náboženské organizácie a ich financovanie v ére AKP  |c Lenka Tomečková 
520 |a Turecké transnacionálne náboženské organizácie. Milli Görüş. Diyanet – Riaditeľstvo pre náboženské záležitosti. Spôsoby financovania náboženských organizácií. Vnútorné prepojenie týchto organizácií a s ním súvisiaca úloha vo vzťahu k diaspóre a hosťujúcim krajinám v ére tzv. nového Turecka. 
610 2 0 |a náboženstvo 
610 2 0 |a organizácie náboženské 
610 2 0 |a financovanie 
100 1 |a Tomečková, Lenka, 1993-